| 000 | 00915nas a2200301 4500 | ||
|---|---|---|---|
| 001 | BR0105323 | ||
| 003 | BR-BrBNA | ||
| 005 | 20231205102546.0 | ||
| 007 | ta | ||
| 008 | 230509b bl.|||p| |||| 00| 00por d | ||
| 040 |
_aBR-BrBNA _bpor _cBiblioteca Nacional de Agricultura |
||
| 041 | _a(Pt) | ||
| 072 | _aQ52; Q70 | ||
| 100 | 1 | _aEspindola Filho, A. | |
| 100 | 1 | _aOetterer, M. | |
| 100 | 1 | _aTrani, P.E. | |
| 100 | 1 | _aAssis, A. | |
| 245 | 1 | _aProcessamento agroindustrial de residuos de peixes, camaroes, mexilhoes e ostras pelo sistema cooperativado | |
| 650 | _aPeixe | ||
| 650 | _aResiduo Organico | ||
| 650 | _aBiofertilizante | ||
| 650 | _aNutricao Animal | ||
| 650 | _aIndustria Agricola | ||
| 650 | _aReciclagem | ||
| 773 | 0 |
_tRevista de Educacao Continuada (Brazil) _xISSN 1516-3326 _g(2001), v. 4(1) p. 52-61 _wBR0105323 |
|
| 909 |
_a202311 _bLúcia _c55 _dLúcia Elande |
||
| 942 |
_2AGRIS _n0 _cANA |
||
| 999 |
_c168155 _d168155 |
||